00538 2200193 4500001002100000005001500021035002000036007000300056008004100059020002200100082001200122084001900134100001500153245006800168250001400236260003700250300004700287650001000334INLIS00000000000053220221114031210 a0010-1122000126ta221114 b 0 ind  a978-602-5025-33-4 a612.083 a612.083 LIS s0 aLish Adnan1 aSuperkidz Science Story : Keajaiban Tubuh Manusia /cLish Adnan aCetakan 1 aSurakarta :bVisi Mandiri,c2017 a135 halaman :bilustrasi berwarna ;c24 cm 4asains